| 000 | 00393 a2200145 4500 | ||
|---|---|---|---|
| 005 | 20250620120253.0 | ||
| 020 | _a93-5161-005-5 | ||
| 082 | _a658.3GUP | ||
| 100 | _aGUPTA. C. B | ||
| 245 | _aManagement: theory and Practical | ||
| 250 | _a1st Ed. | ||
| 260 |
_aNew Delhi, _bCHAND. S, _c1990. |
||
| 300 |
_axxix, 56.4p,; figure, table & picture _bBibliography & Indexes _c24cm |
||
| 942 |
_2ddc _cBKS |
||
| 999 |
_c4522 _d4522 |
||